Statistics for Zlatni srpski odbojkaši

Click here to take the quiz!

General Stats

  • This quiz has been taken 43 times
  • The average score is 26 of 65

Answer Stats

HintAnswer% Correct
EuroVolley 2001Ivan Miljković
83%
EuroVolley 2011Ivan Miljković
83%
Olympics 2000Ivan Miljković
83%
EuroVolley 2001Nikola Grbić
80%
Olympics 2000Nikola Grbić
80%
EuroVolley 2001Vladimir Grbić
80%
Olympics 2000Vladimir Grbić
80%
EuroVolley 2001Andrija Gerić
69%
Olympics 2000Andrija Gerić
69%
Olympics 2000Slobodan {Kovač}
69%
EuroVolley 2011Marko Podraščanin
66%
EuroVolley 2019Marko Podraščanin
66%
World League 2016Marko Podraščanin
66%
EuroVolley 2019Aleksandar Atanasijević
63%
EuroVolley 2011Aleksandar Atanasijević
63%
EuroVolley 2011Uroš Kovačević
60%
World League 2016Uroš Kovačević
60%
EuroVolley 2019Uroš Kovačević
60%
EuroVolley 2011Nikola Kovačević
57%
EuroVolley 2019Srećko Lisinac
51%
World League 2016Srećko Lisinac
51%
EuroVolley 2019Nemanja {Petrić}
46%
EuroVolley 2019Dražen Luburić
40%
World League 2016Dražen Luburić
40%
EuroVolley 2019Nikola Jovović
40%
World League 2016Nikola Jovović
40%
EuroVolley 2001Edin {Škorić}
37%
World League 2016Marko Ivović
37%
EuroVolley 2019Marko Ivović
37%
EuroVolley 2019Petar {Krsmanović}
37%
EuroVolley 2011Saša {Starović}
37%
EuroVolley 2001Slobodan Boškan
37%
Olympics 2000Slobodan Boškan
37%
Olympics 2000Vasa Mijić
37%
EuroVolley 2001Vasa Mijić
37%
Olympics 2000Đula Mešter
31%
EuroVolley 2001Đula Mešter
31%
Olympics 2000Goran Vujević
31%
EuroVolley 2001Goran Vujević
31%
Olympics 2000Vladimir {Batez}
31%
World League 2016Aleksa {Brđović}
29%
EuroVolley 2011Dragan Stanković
29%
World League 2016Dragan Stanković
29%
Olympics 2000Veljko {Petković}
29%
EuroVolley 2011Vlado {Petković}
29%
EuroVolley 2019Neven Majstorović
26%
World League 2016Neven Majstorović
26%
EuroVolley 2011Miloš Nikić
23%
World League 2016Miloš Nikić
23%
EuroVolley 2011Miloš {Terzić}
23%
World League 2016Nikola Rosić
23%
EuroVolley 2011Nikola Rosić
23%
EuroVolley 2011Mihajlo {Mitić}
20%
EuroVolley 2001Rajko {Jokanović}
20%
Olympics 2000Igor Vušurović
17%
EuroVolley 2001Igor Vušurović
17%
World League 2016Tomislav {Dokić}
17%
EuroVolley 2019Aleksandar Okolić
14%
World League 2016Aleksandar Okolić
14%
EuroVolley 2019Lazar {Ćirović}
11%
World League 2016Milan {Katić}
11%
EuroVolley 2011Milan {Rašić}
11%
EuroVolley 2011Filip {Vujić}
9%
EuroVolley 2001Goran {Marić}
9%
EuroVolley 2019Nikola {Peković}
9%

Score Distribution

Percentile by Number Answered

Percent of People with Each Score

Your Score History

You have not taken this quiz